000 02079nam0a2200349 4500
001 RU\NLR\bibl\1834760
005 20260408052334.0
010 _a978-5-91777-055-0
_9100
021 _aRU
_b2011-83613
_95953
035 _a(NLR Aleph) 001825246
090 _a2061761
_c2061761
100 _a20111116d2011 |||y0rusy50 ca
101 0 _arus
102 _aRU
105 _aac |||||||||
200 1 _aТехника и технологии инженерного обеспечения АПК
_eматериалы IV-го регионального научно-производственного семинара "Чтения И.П. Терских" (26-27 сентября 2011 г.)
_f[редкол.: П.И. Ильин, к.т.н., доц. (пред. оргкомитета) и др.]
210 _aИркутск
_cИзд-во Иркутской государственной сельскохозяйственной академии
_d2011
215 _a152 с.
_cил., портр.
_d21
300 _aВ надзаг.: М-во сел. хоз-ва Рос. Федерации, Федер. гос. образоват. учреждение высш. проф. образования Иркут. гос. с.-х. акад.
320 _aБиблиогр. в конце докл.
600 1 _aТерских
_bИ.П.
_f1932 - 2005
_gИван Петрович
_92629326
_3RU\NLR\auth\661565886
606 1 _aСельское хозяйство
_jСъезды, совещания и т.п.
_xМеханизация
_91228736
_3RU\NLR\auth\66182784
686 _aП07д(2)Терских
686 _aП071я431(2)
702 1 _4340
_8rus
_7ca
_aИльин
_bП. И.
_cканд. техн. наук
_gПетр Иванович
_3RU\NLR\auth\77105560
_988485
711 1 2 _a"Чтения И. П. Терских", региональный научно-производственный семинар
_d4
_f2011
_eИркутск
_3RU\NLR\AUTH\8810198249
_9285327
801 0 _aRU
_bNLR
_c20111116
_gRCR
801 1 _aRU
_bNLR
_c20111116
942 _cBOOK
980 _aNB
980 _aNBR